Ποιητική και πολιτική ηθική : πρώτη μεταπολεμική γενιά : Αλεξάνδρου, Αναγνωστάκης, Πατρίκιος

Αποθηκεύτηκε σε:
Λεπτομέρειες βιβλιογραφικής εγγραφής
Κύριος συγγραφέας: Μαρωνίτης, Δημήτρης Ν., 1929-2016
Μορφή: Βιβλίο
Γλώσσα:Greek
Ancient Greek
Δημοσίευση: Αθήνα : Κέδρος, 1976.
Έκδοση:3η έκδ.
Θέματα:
Ετικέτες: Προσθήκη ετικέτας
Δεν υπάρχουν, Καταχωρήστε ετικέτα πρώτοι!

MARC

LEADER 00000nam a2200000 a 4500
001 1/126976
008 230707s1976####gr | ||| |||| ||gre||
040 |a GR-MyUa  |b gre  |c GR-MyUa  |e AACR2 
041 0 |a grc 
082 7 |a 889.1   |2 (23) 
100 1 |a Μαρωνίτης, Δημήτρης Ν.,   |d 1929-2016. 
245 1 0 |a Ποιητική και πολιτική ηθική :   |b πρώτη μεταπολεμική γενιά : Αλεξάνδρου, Αναγνωστάκης, Πατρίκιος /   |c Δ.Ν. Μαρωνίτης. 
250 |a 3η έκδ. 
260 |a Αθήνα :   |b Κέδρος,   |c 1976. 
300 |a 126 σ. ;   |c 21 εκ. 
504 |a Βιβλιογραφία: σ. 129. 
600 1 0 |a Αλεξάνδρου, Άρης,   |d 1922-1978. 
600 1 0 |a Αναγνωστάκης, Μανόλης Α.,   |d 1925-2005. 
600 1 0 |a Πατρίκιος, Τίτος,   |d 1928- 
650 0 |a Greek poetry, Modern  |x History and criticism. 
852 |a INST  |b SYROS  |e 20230706  |h 889.1 ΜΑΡ  |p 005500016030  |q 005500016030  |t BK  |y 0 
970 |a Κοντού  |b Παρασκευή  |z 07/07/2023